| 000 | 00780nam a22002057a 4500 | ||
|---|---|---|---|
| 005 | 20241011144331.0 | ||
| 010 | _aB-747642-643 E.N.A./7.11.22 ENG-142150 | ||
| 020 |
_a9789357943314 _c495.00 |
||
| 035 | _aB-747642-643 | ||
| 035 | _aEN-125682 | ||
| 037 | _bV&S Publishers | ||
| 082 | _a921 | ||
| 100 |
_aKeller, Helen _972699 |
||
| 245 |
_aThe story of my life/ _cby Helen Keller |
||
| 260 |
_aNew Delhi _bV&S Publishers |
||
| 270 |
_aF-2/16, Ansari Road, Daryaganj _bNew Delhi _e110002 _k011-23240026 |
||
| 300 |
_a340p. _c21cm(pbk). |
||
| 942 |
_2ddc _cEN _mKEL _h921 |
||
| 999 |
_c194446 _d194446 |
||